000 00827nam a2200241Ia 4500
003 GCL
005 20240530103621.0
008 140319s9999 xx 000 0 ara d
040 _aGCL /
_cGCL
082 0 4 _a327.56
_bم خ
100 1 _aمحمد نصر مهنا
245 1 0 _aالخليج العربى:
_bالتطور الحديث والمعاصر /
_cمحمد نصر مهنا
260 _aالاسكندرية :
_bمؤسسة شباب الجامعة ،
_c1996
300 _a525 ص ؛
_c24 سم
490 _aكتاب
_v0
650 0 4 _aالسعودية
650 0 4 _aالعلاقات الخارجية
650 0 4 _aالخليج العربى
650 0 4 _aالاستعمار فى البلاد العربية
650 0 4 _aمجلس التعاون
650 0 4 _aالاستعمار البرتغالى
942 _2ddc
_cBK
999 _c41204
_d41204